000 00187 a2200097 4500
020 _a9780935526721
041 _aeng
100 _aKent, Alexander
245 _aColours aloft!
942 _cBK
999 _c29939
_d29937